| 000 | 00531nam a2200181 a 4500 | ||
|---|---|---|---|
| 001 | 34078 | ||
| 005 | 20180714002137.0 | ||
| 008 | 140415s1985 mx 000 0 spa d | ||
| 020 | _a9684440243 | ||
| 041 | _aspa | ||
| 082 |
_a658.3151 _bBAR |
||
| 100 | 1 | _aBARRIGUETE, GILBERTO FRANCISCO | |
| 245 | 1 | 3 |
_aEL LICENCIADO EN RELACIONES INDUSTRIALES : _b¿QUE HACE? |
| 250 | _a1a ed. | ||
| 260 |
_aMEXICO : _bALHAMBRA MEXICANA, _c1985 |
||
| 300 | _a143 | ||
| 650 | 1 | 4 |
_aRELACIONES INDUSTRIALES _xPRACTICAS PROFESIONALES |
| 999 |
_c34078 _d34078 |
||